[Event "Marshall Spring Norm RR - IM"]
[Site "?"]
[Date "2019.03.02"]
[Round "6"]
[White "Lund, Silas Esben"]
[Black "Chasin, Nico"]
[Result "1/2-1/2"]
[WhiteElo "2362"]
[BlackElo "2289"]
[PlyCount "44"]
[EventDate "2019.02.28"]
[EventType "tourn"]
[SourceVersionDate "2019.02.28"]

1. d4 Nf6 2. Nf3 d5 3. Bf4 c5 4. e3 Nc6 5. c3 Qb6 6. Qb3 c4 7. Qc2 Bf5 8. Qc1
h6 9. h3 e6 10. Nbd2 Qd8 11. Be2 Be7 12. Ne5 Qc8 13. g4 Bh7 14. h4 Ne4 15. Nxe4
Bxe4 16. f3 Bh7 17. Bd1 f6 18. Nxc6 Qxc6 19. Bc2 Bxc2 20. Qxc2 O-O-O 21. h5 Bd6
22. O-O-O Rhe8 1/2-1/2

[Event "Marshall Spring Norm RR - IM"]
[Site "?"]
[Date "2019.03.03"]
[Round "7"]
[White "Mishra, Abhimanyu"]
[Black "Daggupati, Balaji"]
[Result "0-1"]
[WhiteElo "2195"]
[BlackElo "2305"]
[PlyCount "162"]
[EventDate "2019.02.28"]
[EventType "tourn"]
[SourceVersionDate "2019.02.28"]

1. e4 c5 2. Nf3 e6 3. d4 cxd4 4. Nxd4 Nf6 5. Nc3 Nc6 6. Ndb5 Bb4 7. Bf4 O-O 8.
Bc7 Qe7 9. Bd6 Bxd6 10. Qxd6 Qd8 11. Qc5 b6 12. Qe3 d5 13. exd5 Nxd5 14. Nxd5
Qxd5 15. Nc3 Qa5 16. Bd3 Nb4 17. O-O Nxd3 18. cxd3 Bb7 19. d4 Rfd8 20. Rfd1 h6
21. f3 Rd7 22. Rd2 b5 23. a3 Rad8 24. Rad1 Qb6 25. Kh1 a5 26. h3 Bd5 27. Ne4
Bxe4 28. Qxe4 Rd5 29. f4 Rc8 30. Qe3 Rc4 31. b3 Rc8 32. Kg1 Rcd8 33. Qc3 Rf5
34. Rf1 Rfd5 35. Rfd1 Qa6 36. Rc1 Qd6 37. Qxa5 Qxf4 38. Qb4 Qe3+ 39. Kh2 Rxd4
40. Rxd4 Rxd4 41. Qc3 Qe5+ 42. Qg3 Qxg3+ 43. Kxg3 Rd3+ 44. Kf4 Rxb3 45. Rc8+
Kh7 46. Ra8 Kg6 47. Ra6 Rc3 48. Rb6 Rxa3 49. Rxb5 Ra2 50. Kf3 f5 51. Rb6 Kf6
52. Rc6 Ra3+ 53. Kf2 Ra7 54. Kf3 Re7 55. Kf4 g5+ 56. Kf3 h5 57. Rb6 Rd7 58. Ra6
Ke5 59. Ra5+ Rd5 60. Ra6 Rd3+ 61. Kf2 f4 62. Ra5+ Rd5 63. Ra7 Rd2+ 64. Kg1 f3
65. gxf3 Kf4 66. Rg7 e5 67. Rg8 h4 68. Rg7 Kxf3 69. Rxg5 e4 70. Rf5+ Kg3 71.
Rg5+ Kxh3 72. Kf1 e3 73. Rg8 Kh2 74. Re8 Rf2+ 75. Ke1 Rf3 76. Ke2 Kg2 77. Rh8
h3 78. Rh6 Rg3 79. Rh5 h2 80. Rh6 h1=Q 81. Rxh1 Kxh1 0-1

[Event "Marshall Spring Norm RR - IM"]
[Site "?"]
[Date "2019.03.03"]
[Round "7"]
[White "Ryba, Andrew"]
[Black "Escobar Forero, Alder"]
[Result "0-1"]
[WhiteElo "2220"]
[BlackElo "2471"]
[PlyCount "98"]
[EventDate "2019.02.28"]
[EventType "tourn"]
[SourceVersionDate "2019.02.28"]

1. e4 c5 2. Nf3 Nc6 3. Bb5 d6 4. O-O Bd7 5. c3 Nf6 6. Re1 a6 7. Bf1 Bg4 8. h3
Bh5 9. g4 Bg6 10. d4 e5 11. Bg2 Be7 12. d5 Na7 13. Nfd2 Nd7 14. a4 Bg5 15. Nc4
Nc8 16. a5 h5 17. Be3 hxg4 18. Bxg5 Qxg5 19. Qxg4 Qe7 20. Nbd2 Nf6 21. Qg5 Nh5
22. Qxe7+ Kxe7 23. Ra3 Nf4 24. Rb3 Rb8 25. Kh2 Bh5 26. Ne3 Kd7 27. Bf1 Kc7 28.
Ng2 Nxg2 29. Kxg2 Ne7 30. Rb6 Rh6 31. b4 Rg6+ 32. Kh2 cxb4 33. Rxb4 Rf6 34. Kg3
Ng6 35. Reb1 Nf4 36. Bxa6 Rg6+ 37. Kh2 Rg2+ 38. Kh1 Rxf2 39. Rxb7+ Rxb7 40.
Rxb7+ Kd8 41. Bf1 Rxd2 42. a6 Rd1 43. Kg1 Be2 44. Kf2 Rxf1+ 45. Ke3 Bxa6 46.
Rb6 Re1+ 47. Kd2 Re2+ 48. Kd1 Bd3 49. Rxd6+ Ke7 0-1

[Event "Marshall Spring Norm RR - IM"]
[Site "?"]
[Date "2019.03.03"]
[Round "7"]
[White "Chasin, Nico"]
[Black "Wang, Wesley"]
[Result "1/2-1/2"]
[WhiteElo "2289"]
[BlackElo "2304"]
[PlyCount "78"]
[EventDate "2019.02.28"]
[EventType "tourn"]
[SourceVersionDate "2019.02.28"]

1. d4 Nf6 2. c4 e6 3. Nc3 Bb4 4. Qc2 O-O 5. a3 Bxc3+ 6. Qxc3 b6 7. Bg5 h6 8.
Bh4 Bb7 9. e3 d6 10. f3 Nbd7 11. Bd3 c5 12. Ne2 Rc8 13. Qd2 e5 14. O-O Re8 15.
dxe5 Nxe5 16. Nc3 Qe7 17. Rae1 Qe6 18. b3 d5 19. Bxf6 Nxd3 20. cxd5 Bxd5 21.
Qxd3 Bxb3 22. Bh4 Bc4 23. Qe4 Bxf1 24. Qxe6 Rxe6 25. Kxf1 a6 26. a4 Rb8 27. Bg3
Rb7 28. Ne4 f5 29. Nd6 Rd7 30. Nxf5 b5 31. axb5 axb5 32. Rb1 b4 33. Ke2 Rd5 34.
Nd6 Rdxd6 35. Bxd6 Rxd6 36. Rc1 Rc6 37. Kd3 Kf7 38. Kc4 Ke6 39. e4 g5 1/2-1/2

[Event "Marshall Spring Norm RR - IM"]
[Site "?"]
[Date "2019.03.03"]
[Round "7"]
[White "Savanovic, Aleksandar"]
[Black "Jacobson, Aaron"]
[Result "0-1"]
[WhiteElo "2442"]
[BlackElo "2365"]
[PlyCount "78"]
[EventDate "2019.02.28"]
[EventType "tourn"]
[SourceVersionDate "2019.02.28"]

1. Nf3 d5 2. d4 Nf6 3. Bf4 c5 4. e3 Nc6 5. c3 Qb6 6. Qb3 c4 7. Qc2 Bf5 8. Qc1
Nh5 9. Nbd2 Nxf4 10. exf4 g6 11. Be2 Bh6 12. g3 O-O 13. h4 f6 14. h5 g5 15. g4
Bxg4 16. Rg1 Bxf3 17. Nxf3 Kh8 18. fxg5 fxg5 19. Nxg5 e5 20. Qd2 exd4 21. cxd4
Nxd4 22. O-O-O Ne6 23. Nf7+ Rxf7 24. Qxh6 Nf4 25. Qxb6 axb6 26. Bf1 Rxa2 27.
Kb1 Ra8 28. Rg3 Re8 29. Kc2 h6 30. Rg4 b5 31. Kc3 Re4 32. Rg1 d4+ 33. Kb4 Rf5
34. f3 Nd5+ 35. Kxb5 Ne3+ 36. Kb4 Re6 37. Rxd4 Nc2+ 38. Kc3 Nxd4 39. Kxd4 Re1
0-1

[Event "Marshall Spring Norm RR - IM"]
[Site "?"]
[Date "2019.03.03"]
[Round "7"]
[White "Allicock, Rawle"]
[Black "Lund, Silas Esben"]
[Result "0-1"]
[WhiteElo "2237"]
[BlackElo "2362"]
[PlyCount "95"]
[EventDate "2019.02.28"]
[EventType "tourn"]
[SourceVersionDate "2019.02.28"]

1. Nf3 d5 2. d4 Nf6 3. c4 c6 4. Nc3 a6 5. a4 g6 6. cxd5 cxd5 7. Bf4 Bg7 8. e3
Nc6 9. Ne5 Nh5 10. Nd3 O-O 11. Bg5 Qa5 12. Be2 e5 13. dxe5 Nxe5 14. Nxe5 Bxe5
15. O-O d4 16. exd4 Bxh2+ 17. Kxh2 Qxg5 18. Bxh5 gxh5 19. Re1 Bg4 20. Qd3 Rad8
21. Qe3 Qh4+ 22. Kg1 Rd6 23. d5 Rg6 24. a5 Bh3 25. g3 Bd7 26. Qe4 Qh3 27. Ne2
Re8 28. Qd4 h4 29. Nf4 Rxe1+ 30. Rxe1 Qg4 31. Qe5 Rg5 32. Qb8+ Kg7 33. Re3 Qd1+
34. Kg2 Bb5 35. Qd8 Qf1+ 36. Kf3 Rxg3+ 37. Ke4 Rxe3+ 38. fxe3 Qb1+ 39. Ke5
Qxb2+ 40. Kf5 Qc2+ 41. e4 Qf2 42. Qf6+ Kf8 43. Qd6+ Kg8 44. Qd8+ Kg7 45. Qf6+
Kg8 46. Kg5 Qc5 47. e5 h3 48. d6 0-1

[Event "Marshall Spring Norm RR - IM"]
[Site "?"]
[Date "2019.03.03"]
[Round "8"]
[White "Daggupati, Balaji"]
[Black "Chasin, Nico"]
[Result "0-1"]
[WhiteElo "2305"]
[BlackElo "2289"]
[PlyCount "82"]
[EventDate "2019.02.28"]
[EventType "tourn"]
[SourceVersionDate "2019.02.28"]

1. e4 c5 2. Nf3 Nc6 3. Bb5 g6 4. O-O Bg7 5. Nc3 Qc7 6. Re1 a6 7. Bxc6 dxc6 8.
d3 e5 9. Be3 b6 10. Na4 Rb8 11. c3 Ne7 12. d4 cxd4 13. cxd4 Bg4 14. dxe5 Bxe5
15. h3 Bxf3 16. Qxf3 O-O 17. Rac1 Rfd8 18. Red1 Rxd1+ 19. Qxd1 Bh2+ 20. Kf1 Bf4
21. Qd2 Bxe3 22. Qxe3 c5 23. Rd1 Rd8 24. Rxd8+ Qxd8 25. Nc3 Qd6 26. e5 Qe6 27.
Qe4 b5 28. g4 b4 29. Na4 Qxa2 30. Nxc5 Qxb2 31. Qa8+ Kg7 32. Nd7 Qc1+ 33. Ke2
Qc4+ 34. Ke3 Nd5+ 35. Kd2 Qc3+ 36. Kd1 Qa1+ 37. Kc2 b3+ 38. Kd2 Qc3+ 39. Kd1
Qc2+ 40. Ke1 Qc1+ 41. Ke2 Nf4+ 0-1

[Event "Marshall Spring Norm RR - IM"]
[Site "?"]
[Date "2019.03.03"]
[Round "8"]
[White "Escobar Forero, Alder"]
[Black "Mishra, Abhimanyu"]
[Result "1-0"]
[WhiteElo "2471"]
[BlackElo "2195"]
[PlyCount "117"]
[EventDate "2019.02.28"]
[EventType "tourn"]
[SourceVersionDate "2019.02.28"]

1. e4 c5 2. b3 e6 3. Bb2 b6 4. Nf3 Bb7 5. Nc3 Nc6 6. Bb5 Nd4 7. Bd3 Nf6 8. O-O
Be7 9. Re1 O-O 10. Bf1 d6 11. d3 e5 12. a3 Qd7 13. Nd2 Rfe8 14. Nc4 Bf8 15. Ne3
d5 16. Ncxd5 Nxd5 17. exd5 Bxd5 18. Nxd5 Qxd5 19. Rb1 Rad8 20. c3 Nc6 21. g3
Qd6 22. Qf3 g6 23. Bc1 Bg7 24. Bg5 f6 25. Be3 Ne7 26. b4 Nd5 27. bxc5 bxc5 28.
Bd2 Nb6 29. Qb7 Re7 30. Qa6 Rc7 31. a4 Bf8 32. f4 Nd7 33. Qc4+ Kh8 34. a5 Bg7
35. Rb2 f5 36. Reb1 exf4 37. gxf4 Nf6 38. Rb7 h6 39. Rxc7 Qxc7 40. a6 Qd6 41.
Rb7 Rd7 42. Qb5 Rc7 43. Bg2 Nd7 44. Qa5 Nb6 45. Rxc7 Qxc7 46. Be3 Bf8 47. d4
Qd7 48. Qa2 Qe7 49. Bf2 Nd7 50. Qd5 Kg7 51. Qb7 Nf6 52. dxc5 Kg8 53. Qxe7 Bxe7
54. c6 Ne8 55. Bxa7 Nc7 56. Bb6 Nxa6 57. Bf1 Bd6 58. Bxa6 Bxf4 59. c7 1-0

[Event "Marshall Spring Norm RR - IM"]
[Site "?"]
[Date "2019.03.03"]
[Round "8"]
[White "Jacobson, Aaron"]
[Black "Lund, Silas Esben"]
[Result "1/2-1/2"]
[WhiteElo "2365"]
[BlackElo "2362"]
[PlyCount "137"]
[EventDate "2019.02.28"]
[EventType "tourn"]
[SourceVersionDate "2019.02.28"]

1. d4 d5 2. c4 e6 3. Nf3 c6 4. Bg5 Be7 5. Bxe7 Qxe7 6. Nbd2 Nd7 7. e3 Ngf6 8.
Bd3 e5 9. cxd5 Nxd5 10. O-O O-O 11. Re1 exd4 12. Nxd4 Ne5 13. Nc4 Bg4 14. f3
Bd7 15. Kh1 Rad8 16. Nxe5 Qxe5 17. f4 Qf6 18. Qf3 Rfe8 19. Rad1 g6 20. Bf1 Bg4
21. Qxg4 Nxe3 22. Rxe3 Rxe3 23. Nf5 Rxd1 24. Nxe3 Rb1 25. h4 h5 26. Qg3 Rxb2
27. f5 Rb4 28. Qb8+ Kg7 29. fxg6 fxg6 30. Bc4 Rb1+ 31. Bf1 Rxf1+ 32. Nxf1 Qxf1+
33. Kh2 Qc4 34. Qxb7+ Kh6 35. Qxa7 Qxh4+ 36. Kg1 Qe1+ 37. Kh2 Qe5+ 38. Kh1 c5
39. Qf7 Qe1+ 40. Kh2 Qh4+ 41. Kg1 Qd4+ 42. Qf2 Qa1+ 43. Qf1 Qd4+ 44. Qf2 Qd6
45. a4 g5 46. a5 h4 47. a6 Qxa6 48. Qf8+ Kh5 49. Qxc5 Qd3 50. Qe5 Qc4 51. Qg7
Qc1+ 52. Kh2 Qf4+ 53. Kg1 Qe3+ 54. Kh1 Kg4 55. Qd7+ Kg3 56. Qc7+ Kf2 57. Qc2+
Ke1 58. Qb1+ Kf2 59. Qc2+ Ke1 60. Qb1+ Kd2 61. Qb2+ Kd1 62. Qb1+ Qc1 63. Qxc1+
Kxc1 64. g3 h3 65. g4 Kd2 66. Kh2 Ke3 67. Kxh3 Kf3 68. Kh2 Kxg4 69. Kg2 1/2-1/2

[Event "Marshall Spring Norm RR - IM"]
[Site "?"]
[Date "2019.03.03"]
[Round "8"]
[White "Wang, Wesley"]
[Black "Allicock, Rawle"]
[Result "0-1"]
[WhiteElo "2304"]
[BlackElo "2237"]
[PlyCount "60"]
[EventDate "2019.02.28"]
[EventType "tourn"]
[SourceVersionDate "2019.02.28"]

1. e4 c5 2. Nf3 g6 3. c4 Nc6 4. d4 cxd4 5. Nxd4 Nf6 6. Nc3 d6 7. Be2 Nxd4 8.
Qxd4 Bg7 9. Be3 O-O 10. Qd2 a5 11. f3 a4 12. O-O Qa5 13. Rab1 Be6 14. Rfc1 Rfc8
15. b4 axb3 16. axb3 Nd7 17. Rc2 f5 18. b4 Qd8 19. Nd5 Ra3 20. Rd1 fxe4 21.
fxe4 Nf6 22. Bf3 Nxd5 23. cxd5 Rxc2 24. Qxc2 Bxd5 25. exd5 Rxe3 26. Bg4 Bf6 27.
Kh1 Qb6 28. Qf2 Qa7 29. b5 Qc5 30. h3 Rxh3+ 0-1

[Event "Marshall Spring Norm RR - IM"]
[Site "?"]
[Date "2019.03.03"]
[Round "8"]
[White "Savanovic, Aleksandar"]
[Black "Ryba, Andrew"]
[Result "1/2-1/2"]
[WhiteElo "2442"]
[BlackElo "2220"]
[PlyCount "48"]
[EventDate "2019.02.28"]
[EventType "tourn"]
[SourceVersionDate "2019.02.28"]

1. Nf3 d5 2. c4 c6 3. b3 Nf6 4. g3 Bg4 5. Bg2 e6 6. O-O Nbd7 7. Bb2 Bd6 8. d3
O-O 9. Na3 Qe7 10. Nc2 a5 11. a3 Bxf3 12. Bxf3 e5 13. cxd5 cxd5 14. Ne3 Qe6 15.
Rc1 Rac8 16. Rxc8 Rxc8 17. Qb1 b5 18. Rc1 Rxc1+ 19. Bxc1 b4 20. axb4 Bxb4 21.
Qc2 Nc5 22. Bd2 Bxd2 23. Qxc5 Bxe3 24. Qxe3 g6 1/2-1/2

[Event "Marshall Spring Norm RR - IM"]
[Site "?"]
[Date "2019.03.04"]
[Round "9"]
[White "Allicock, Rawle"]
[Black "Daggupati, Balaji"]
[Result "1/2-1/2"]
[WhiteElo "2237"]
[BlackElo "2305"]
[PlyCount "178"]
[EventDate "2019.02.28"]
[EventType "tourn"]
[SourceVersionDate "2019.02.28"]

1. c4 e5 2. Nc3 Nf6 3. Nf3 Nc6 4. e3 Bb4 5. Qc2 Bxc3 6. Qxc3 Qe7 7. d4 Ne4 8.
Qd3 Qb4+ 9. Bd2 Nxd2 10. Qxd2 e4 11. Ng5 Qe7 12. f4 exf3 13. Nxf3 O-O 14. Bd3
d5 15. cxd5 Nb4 16. O-O Nxd5 17. Rae1 Bg4 18. Ne5 Be6 19. Bb1 Rad8 20. Qc2 g6
21. a3 f6 22. Nd3 Bf5 23. Qb3 Be4 24. Nf4 Bxb1 25. Nxd5 Qe6 26. Rxf6 Qxd5 27.
Rxf8+ Kxf8 28. Qxd5 Rxd5 29. Rxb1 c5 30. Rd1 Ke7 31. Kf2 cxd4 32. Rxd4 Rc5 33.
Ke2 Rc2+ 34. Rd2 Rc6 35. Kf3 Rb6 36. b4 Ra6 37. Rd3 Rf6+ 38. Ke2 Rc6 39. e4
Rc2+ 40. Kf3 Ra2 41. h4 Ke6 42. g3 h6 43. Kf4 Rf2+ 44. Ke3 Ra2 45. Kd4 Kd6 46.
Ke3+ Ke6 47. Rc3 Kd6 48. Kf3 Ra1 49. Kg4 Re1 50. Kf4 Rf1+ 51. Rf3 Ra1 52. h5
gxh5 53. Kf5 Re1 54. Rd3+ Ke7 55. Rc3 Kd7 56. Rd3+ Ke7 57. Ke5 h4 58. gxh4 Rh1
59. Rg3 Kf7 60. Rc3 Rxh4 61. Rc7+ Kg6 62. Rxb7 a5 63. Rb6+ Kf7 64. Rb7+ Kg6 65.
Rb6+ Kf7 66. Rf6+ Ke7 67. bxa5 Rh5+ 68. Rf5 Rh3 69. Kd5 Rxa3 70. Kc6 Ra4 71.
Rh5 Rxe4 72. Rxh6 Ra4 73. Kb6 Kd7 74. a6 Rb4+ 75. Ka7 Kc7 76. Rh7+ Kc8 77. Rh8+
Kc7 78. Rh3 Rb1 79. Rc3+ Kd7 80. Ka8 Rb2 81. Rh3 Kc8 82. Rh8+ Kc7 83. Rh7+ Kc6
84. Rb7 Ra2 85. Ka7 Ra1 86. Rb2 Kc7 87. Rc2+ Kd7 88. Rc5 Rb1 89. Ka8 Rb2
1/2-1/2

[Event "Marshall Spring Norm RR - IM"]
[Site "?"]
[Date "2019.03.04"]
[Round "9"]
[White "Lund, Silas Esben"]
[Black "Wang, Wesley"]
[Result "1/2-1/2"]
[WhiteElo "2362"]
[BlackElo "2304"]
[PlyCount "64"]
[EventDate "2019.02.28"]
[EventType "tourn"]
[SourceVersionDate "2019.02.28"]

1. d4 Nf6 2. c4 c5 3. d5 b5 4. cxb5 a6 5. bxa6 g6 6. Nc3 Bg7 7. e4 O-O 8. Nf3
Qa5 9. Nd2 Bxa6 10. Be2 Ne8 11. O-O d6 12. Nb3 Qb6 13. Bg5 f6 14. Be3 Nc7 15.
Re1 Nd7 16. f4 f5 17. Bxa6 Rxa6 18. Bf2 fxe4 19. Qd2 Nf6 20. h3 Qb7 21. Nxe4
Nxe4 22. Rxe4 Nxd5 23. Bxc5 Nb6 24. Qe2 Nd5 25. Qc4 dxc5 26. Nxc5 Qxb2 27. Rd1
Rxa2 28. Qxd5+ Kh8 29. Rxe7 Ra5 30. Qd6 Ra2 31. Qd5 Ra5 32. Qd6 Ra2 1/2-1/2

[Event "Marshall Spring Norm RR - IM"]
[Site "?"]
[Date "2019.03.04"]
[Round "9"]
[White "Mishra, Abhimanyu"]
[Black "Savanovic, Aleksandar"]
[Result "1/2-1/2"]
[WhiteElo "2195"]
[BlackElo "2442"]
[PlyCount "98"]
[EventDate "2019.02.28"]
[EventType "tourn"]
[SourceVersionDate "2019.02.28"]

1. e4 Nf6 2. e5 Nd5 3. d4 d6 4. Nf3 Bg4 5. Be2 e6 6. h3 Bh5 7. c4 Nb6 8. exd6
cxd6 9. Nc3 Be7 10. d5 e5 11. g4 Bg6 12. h4 h5 13. g5 N8d7 14. Be3 Rc8 15. b3
Nc5 16. Bxc5 Rxc5 17. Bd3 Nd7 18. Qc2 O-O 19. Bxg6 fxg6 20. Nd2 Kh7 21. Nde4
Rc8 22. Qd3 a6 23. Kf1 Qa5 24. Kg2 Rf7 25. f3 Rcf8 26. Rhf1 Nc5 27. Nxc5 Qxc5
28. Ne4 Qc8 29. Rf2 Rf4 30. Kg3 Qd7 31. b4 b6 32. a3 R8f7 33. Rb1 Bd8 34. Rbb2
Be7 35. Ra2 Bf8 36. Rad2 Qa4 37. Qe3 Qd7 38. Rd3 Qc8 39. Rc3 Qc7 40. Qd3 Qc8
41. a4 Qd7 42. Ra3 a5 43. b5 Be7 44. Rc3 Bd8 45. Rc1 Rf8 46. Rcc2 R8f7 47. Qe3
Rf8 48. Rb2 R8f7 49. Rbc2 Rf8 1/2-1/2

[Event "Marshall Spring Norm RR - IM"]
[Site "?"]
[Date "2019.03.04"]
[Round "9"]
[White "Chasin, Nico"]
[Black "Escobar Forero, Alder"]
[Result "0-1"]
[WhiteElo "2289"]
[BlackElo "2471"]
[PlyCount "52"]
[EventDate "2019.02.28"]
[EventType "tourn"]
[SourceVersionDate "2019.02.28"]

1. d4 d6 2. c4 e5 3. Nc3 exd4 4. Qxd4 Nc6 5. Qd1 Nf6 6. Nf3 Bf5 7. g3 Qd7 8.
Bg2 Be7 9. O-O O-O 10. b3 Rfe8 11. Bb2 Bf8 12. Re1 a6 13. Nd4 Nxd4 14. Qxd4 c6
15. Rad1 b5 16. Qf4 bxc4 17. bxc4 Bh3 18. Bh1 Re6 19. Ba3 Rae8 20. Rd2 Qc8 21.
Red1 Ng4 22. Bf3 Rf6 23. Qd4 Ne5 24. Bh1 c5 25. Qh4 Ng6 26. Qh5 Re5 0-1